000
00523nam a2200181Ia 4500
008
090123s9999 xx 000 0 und d
082
_b
8589
100
_a
जोशी आशा
245
_a
तीन राजपुत्र
250
_a
1
260
_b
गुलमोहर पब्लिकेशन
300
_a
32
600
_a
जोशी आशा
630
_a
तीन राजपुत्र
700
_a
जोशी आशा
730
_a
तीन राजपुत्र
942
_c
BOOK
999
_c
46655
_d
46655